000 00267nam a2200109Ia 4500
008 220214s9999 xx 000 0 und d
100 _aNewton RG
245 0 _aRubber in architecture and building
260 _bRubber dDevelopments
_c1948
300 _a8p
942 _cRE
999 _c45642
_d45642